01555nam a22001937a 4500003000400000005001700004008004100021020001500062040000700077100003100084245009400115260003600209300001000245500006300255505096900318650002701287650002301314650002401337OSt20220621121252.0180226b xxu||||| |||| 00| 0 spa d a9504302558 cPJ aEkmekdjian, Miguel Ángel10aMeditaciones sobre la república, el poder y la libertad / cMiguel Ángel Ekmekdjian.  aBuenos Aires :bDepalma,c1984. a98 p. aCitas y notas bibliográficas a pie de algunas páginas. aPalabras de presentación . Es menester consolidar el equilibro del sistema tripartito de los poderes del Estado. Desajustes sobre la Constitución Formal y la Constitución material en el ejercicio del poder de policía ( el exceso de la función reglamentaria de los derechos individuales) Dantón o la Libertad versus el Poder. ¿Argentina forma parte del continente? Cambalache. Triunfo de los valores y principios de la Constitución Nacional. Canibalismo ideológico. ¿Democracia? ¿Qué Democracia? Un nuevo aporte. Breves reflexiones constitucionales sobre temas parlamentarios. El sistema presidencial y la democracia. ¿Son las comisiones parlamentarias una nueva versión del comité de Salvación pública? La consulta permanente al pueblo como garantía del ordenamiento democrático. El referendo ministerial es esencial para los actos del Poder Ejecutivo. La estrategia de estructura en las causas políticas.. La tecnoburocracia 0aDERECHO CONSTITUCIONAL 0aCIENCIAS POLITICAS 0aDOCTRINAS POLITICAS